Statistics for Political -isms

Click here to take the quiz!

General Stats

  • This quiz has been taken 83 times
    (61 since last reset)
  • The average score is 11 of 17

Answer Stats

Hint-ism% Correct
is an economic system based on the private ownership of the means of production and their operation for profit.Capitalism
93%
is the ideology and practices associated with Adolf Hitler and the ___ Party in ___ Germany.Nazism
89%
is a philosophical, social, political, and economic ideology and movement whose goal is the establishment of a ___ society, namely a socioeconomic order structured upon the ideas of common ownership of the means of production and the absence of social classes, money, and the state.Communism
84%
is a form of far-right, authoritarian ultranationalism characterized by dictatorial power, forcible suppression of opposition, and strong regimentation of society and the economy that rose to prominence in early 20th-century Europe.Fascism
84%
is the opposition or resistance to war, militarism (including conscription and mandatory military service) or violence.Pacifism
80%
is an aesthetic, cultural, social, and political philosophy, which seeks to promote and to preserve traditional social institutions.Conservatism
76%
is a political, social, and economic philosophy encompassing a range of economic and social systems characterised by social ownership of the means of production, as opposed to private ownership.Socialism
76%
is a range of socio-political movements and ideologies that aim to define and establish the political, economic, personal, and social equality of the sexesFeminism
75%
is a political philosophy and movement that is sceptical of authority and rejects all involuntary, coercive forms of hierarchy.Anarchism
67%
is a broad philosophy, ideology, and social movement regarding concerns for environmental protection and improvement of the health of the environment, particularly as the measure for this health seeks to incorporate the impact of changes to the environment on humans, animals, plants and non-living matter.Environmentalism
67%
is the belief or the desire of a government or a people that a state should maintain a strong military capability and to use it aggressively to expand national interests and/or values.Militarism
64%
is a political and moral philosophy based on liberty, consent of the governed and equality before the law.Liberalism
58%
is an idea and movement that holds that the nation should be congruent with the state.Nationalism
55%
refers to a range of political stances that emphasize the idea of "the people" and often juxtapose this group against "the elite.Populism
51%
is a form of government and political system that prohibits all opposition parties, outlaws individual opposition to the state and its claims, and exercises an extremely high degree of control and regulation over public and private life.Totalitarianism
45%
is the position holding no political goals whatsoever, except for the complete destruction of all existing political institutions—along with the principles, values, and social institutions that uphold them.(political) Nihilism
36%
is a form of government characterized by the rejection of political plurality, the use of a strong central power to preserve the political status quo, and reductions in the rule of law, separation of powers, and democratic voting.Authoritarianism
27%

Score Distribution

Percentile by Number Answered

Percent of People with Each Score

Your Score History

You have not taken this quiz since the last reset